Licht von jenseits der Strasse : der Roman einer grossen Hoffnung
Αποθηκεύτηκε σε:
| Κύριος συγγραφέας: | |
|---|---|
| Μορφή: | Βιβλίο |
| Γλώσσα: | German |
| Δημοσίευση: |
Stungart :
Europaischer buchklub,
[19--?]
|
| Θέματα: | |
| Ετικέτες: |
Προσθήκη ετικέτας
Δεν υπάρχουν, Καταχωρήστε ετικέτα πρώτοι!
|
MARC
| LEADER | 00000cam a2200000 i 4500 | ||
|---|---|---|---|
| 001 | 1/34603 | ||
| 008 | 060920s ger d | ||
| 035 | |l 10085278 | ||
| 040 | |a GR-MY-UA |b gre |e aacr | ||
| 041 | 0 | |a ger | |
| 082 | 0 | |a 833.91 |2 (22) | |
| 100 | 1 | |a Bentz, Hans G. | |
| 245 | 1 | 0 | |a Licht von jenseits der Strasse : |b der Roman einer grossen Hoffnung / |c Hans Georg Bentz |
| 260 | |a Stungart : |b Europaischer buchklub, |c [19--?] | ||
| 300 | |a 443 σ.; |c 20 εκ. | ||
| 650 | 0 | 0 | |a German fiction |y 20th century. |
| 852 | |a INST |b CHIOS |e 20060920 |h 833.91 BEN |p 005200027179 |q 005200027179 |t BK |y 0 | ||
| 901 | |a BIBL2-2006-2 | ||
| 909 | |a Χ |b 016223 | ||
| 970 | |a ΒΑΣΙΛΑΚΗ |b ΝΙΚΗ |z 2006/09/20 | ||